000 00901nam a2200277 a 4500
005 20240515102849.0
008 100930e2016||||ag f |||| 001 0 spa d
020 _a9789871639489
041 _aspa
092 _c610.1
_l76
_sRUB
100 1 _aRubinstein, Esteban
_9302
245 _aNietzsche y la medicina.
_bUn libro para médicos y no médicos /
_cEsteban Rubinstein
250 _a1a ed. 1ra reimp.
260 _aBuenos Aires:
_bdelhospital ediciones;
_c2016.
300 _a224 p.
_c22x15 cm.
500 _aRubinstein, E. (2016). Nietzsche y la medicina. Un libro para médicos y no médicos. (1a ed.). Buenos Aires : delhospital ediciones.
653 _aInstante
653 _aHistoria
653 _aCompasión
653 _aMoral
653 _aVerdad, ciencia y arte
653 _aCausa y efecto
653 _aVoluntad de poder
653 _aSalud y enfermedad
942 _2ddc
_cBK
999 _c2609
_d2609